| 000 | 01133nac a22003617a 4500 | ||
|---|---|---|---|
| 001 | BR7909215 | ||
| 003 | BR-BrBNA | ||
| 005 | 20240105114601.0 | ||
| 008 | 230509b bl.|||m| |||| 00| 0 por d | ||
| 040 |
_aBR-BrBNA _bpor _cBiblioteca Nacional de Agricultura |
||
| 072 | _aE70; F00 | ||
| 090 | _a0210 BR7909215 | ||
| 110 | 1 |
_aCentrais de Abastecimento do Parana S.A., Curitiba (Brasil) _91379 |
|
| 245 | 1 | _aAnalise conjuntural. Agosto 1979 [batata, cebola, repolho, tomate, banana, laranja, alface, cenoura, couve-flor, pepino, producao vegetal, comercio, Brasil] | |
| 260 | 3 |
_aCuritiba, PR (Brasil): _c1979. |
|
| 300 | _a112 p. | ||
| 490 |
_aAnalise Conjuntural - Centrais de Abastecimento do Parana S.A. (Brazil) _v _x |
||
| 500 | _a74 tables; 20 graphs | ||
| 650 | _aPRODUCAO VEGETAL | ||
| 650 | _aCOMERCIO | ||
| 650 | _aBATATA | ||
| 650 | _aCEBOLA | ||
| 650 | _aREPOLHO | ||
| 650 | _aTOMATE | ||
| 650 | _aBANANA | ||
| 650 | _aLARANJA | ||
| 650 | _aALFACE | ||
| 650 | _aCENOURA | ||
| 650 | _aCOUVE-FLOR | ||
| 650 | _aPEPINO | ||
| 909 |
_a202312 _bLúcia Elande _c55 _dLúcia Elande |
||
| 942 |
_2AGRIS _n0 _cMS |
||
| 999 |
_c270185 _d270185 |
||